LEADER 00582nam a2200169 i 4500 001 000000250888 003 CaOOAMICUS 005 20160825000000.0 008 160825s1896 it u000 u ita u 013 $a229793 040 $aSeMil$bita 245 10$aVol. 8. 300 $a622 p. 773 0 $aSavigny, Friederich Karl : von$tSistema del diritto romano attuale.$dTorino : Unione Tipografico-Editrice, 1886-1896.$g8$w()5425 850 $aSeMil 852 $aSeMil$W1$xVenegono$y1$m3L III 19 FA$j201234$B201234$CSeMilBibl$Z2$F212985 $8I 996 $6245$aVol. 8$9(OLS)http://semarc/title/164222 LEADER 01279nam a2200265 4500 001 000000332741 003 CaOOAMICUS 005 20190311161308.0 008 190311s1753 fr a 000 u fre r 026 $auste nsre deit d'la (3) 1753 (R) 040 $aSeMil$bita 100 1 $aClairaut, Alexis Claude,$d<1713-1765>.$0(OLS)http://semarc/name/92351 245 00$aÉlémens de géometrie. Par M. Clairaut, de l'Academie royale des sciences, & de la Société royale de Londres. 264 1$aA Paris :$bChez Durand, libraire, rue Saint Jacques au Griffon,$c1753. 300 $a[8], 215, [1] p., 14 carte di tav. ripieg. :$bill. ;$c8° 500 $aSegn.:[pg]4 *8 a8 b4 A-N8 O4 500 $aIniziali e fregi xilogr. 500 $aFregio xilogr. sul front. 650 4$aGeometria.$0(OLS)http://semarc/subject/12189 752 $afr$dParigi 850 $aSeMil 852 $aSeMil$W1$xVenegono$y1$m3W III 118 FA$j211497$B224967$CSeMilBibl$Z2$F224967 $8I 996 $6245$aÉlémens de géometrie. Par M. Clairaut, de l'Academie royale des sciences, & de la Société royale de Londres$9(OLS)http://semarc/title/421802 996 $6264$aA Paris :$bChez Durand, libraire, rue Saint Jacques au Griffon$9(OLS)http://semarc/publisher/58120